[Event "Michigan Open"]
[Site "Lansing, MI"]
[Date "2002.09.02"]
[Round "6.9"]
[White "Jarosz, Stan"]
[Black "Williams, Ron"]
[Result "0-1"]
[WhiteElo "1964"]
[BlackElo "1955"]
[PlyCount "144"]
[EventDate "2002.08.30"]

1. d4 Nf6 2. c4 Nc6 3. Nf3 e6 4. a3 b6 5. Nc3 a6 6. e4 d6 7. Be2 Be7 8. O-O O-O
9. h3 Bb7 10. d5 Nb8 11. Be3 e5 12. b4 Nbd7 13. Ne1 Re8 14. Nd3 Bf8 15. Rb1 Rb8
16. Rb2 c6 17. dxc6 Bxc6 18. f3 g6 19. Nd5 Bxd5 20. cxd5 b5 21. Nf2 Nb6 22. Qd2
Qd7 23. Rc1 Rec8 24. Rxc8 Nxc8 25. Rc2 Ne7 26. Qc1 Rc8 27. Rxc8 Qxc8 28. Qxc8
Nxc8 29. a4 bxa4 30. Bxa6 a3 31. Bc4 Nd7 32. Bc1 Ndb6 33. Bb3 Na7 34. Bxa3 Bh6
35. Nd3 Nb5 36. Bb2 Be3+ 37. Kf1 f5 38. Ke2 Bd4 39. Kd2 f4 40. Bxd4 Nxd4 41.
Kc3 g5 42. Nb2 Nb5+ 43. Kd3 Nd4 44. Nc4 Nxc4 45. Kxc4 Kf8 46. b5 Ke8 47. b6 Kd8
48. Ba4 h5 49. Kb4 Kc8 50. Ka5 Kb7 51. Bc6+ Kb8 52. Ka6 Nc2 53. Be8 h4 54. b7
Ne3 55. Kb6 Nxg2 56. Bh5 Ne3 57. Kc6 Nc4 58. Bg4 Ne3 59. Kxd6 Nxg4 60. Ke7 Nh6
61. d6 Ng8+ 62. Ke6 Kxb7 63. Kxe5 g4 64. Kxf4 g3 65. Ke3 Kc6 66. e5 Kd7 67. f4
Nh6 68. Kf3 Nf5 69. Kg2 Ke6 70. Kf3 Nd4+ 71. Kg2 Kf5 72. Kg1 Kxf4 0-1

[Event "Michigan Open Reserve"]
[Site "Lansing, MI"]
[Date "2002.09.02"]
[Round "6.19"]
[White "Holden, Anthony"]
[Black "Bailey, Dennis"]
[Result "1-0"]
[WhiteElo "1551"]
[BlackElo "1488"]
[PlyCount "43"]
[EventDate "2002.08.30"]

1. d4 Nf6 2. e3 d5 3. Bd3 e6 4. f4 c5 5. c3 cxd4 6. exd4 Be7 7. Nd2 Nc6 8. Qe2
Bd7 9. Ngf3 O-O 10. Ne5 a6 11. g4 Ne8 12. g5 g6 13. h4 Nd6 14. h5 Kg7 15. Ndf3
Nf5 16. hxg6 hxg6 17. Qh2 Rh8 18. Qxh8+ Qxh8 19. Rxh8 Rxh8 20. Nxd7 b5 21. Nc5
Ra8 22. a4 1-0

[Event "Michigan Open Reserve"]
[Site "Lansing, MI"]
[Date "2002.09.02"]
[Round "6.25"]
[White "Hodge, Larry"]
[Black "Cendrowski, Chris"]
[Result "1-0"]
[WhiteElo "1339"]
[BlackElo "1461"]
[PlyCount "133"]
[EventDate "2002.08.30"]

1. c4 c6 2. Nc3 d5 3. cxd5 cxd5 4. d4 Nc6 5. Nf3 Nf6 6. Bf4 Bf5 7. a3 e6 8. e3
Rc8 9. Rc1 Be7 10. b4 O-O 11. Qb3 Ne4 12. Be2 Bg4 13. h3 Bh5 14. Qb2 Re8 15.
O-O Bf6 16. Rfe1 Nd6 17. Nd2 Bxe2 18. Nxe2 Qd7 19. Rc2 Ne7 20. Rec1 Rxc2 21.
Rxc2 Rc8 22. Qb3 Rxc2 23. Qxc2 Nec8 24. Nc1 Nb6 25. Qc5 Be7 26. Qc2 Nbc4 27.
Nxc4 Nxc4 28. Qb3 b6 29. Nd3 f6 30. Nb2 Qc8 31. Qc3 b5 32. Nd3 Qa6 33. Nc5 Bxc5
34. bxc5 Qxa3 35. Qxa3 Nxa3 36. c6 Nc4 37. c7 Nb6 38. Bd6 a5 39. Bc5 Nc8 40.
Kf1 Kf7 41. Ke1 Ke8 42. Kd1 Kd7 43. Kc2 Kxc7 44. Kb3 Nd6 45. f3 Nf5 46. e4 Nh4
47. exd5 exd5 48. Bf8 Nf5 49. Bc5 g6 50. g4 Nd6 51. h4 h5 52. Kc3 hxg4 53. fxg4
Ne4+ 54. Kd3 Nxc5+ 55. dxc5 Kc6 56. h5 gxh5 57. gxh5 a4 58. h6 a3 59. h7 Kxc5
60. h8=Q a2 61. Qxf6 b4 62. Qb2 b3 63. Kc3 d4+ 64. Kxb3 d3 65. Qxa2 Kd4 66. Qd2
Ke4 67. Kc3 1-0

[Event "Michigan Open Reserve"]
[Site "Lansing, MI"]
[Date "2002.09.02"]
[Round "6.30"]
[White "Hill, Michael"]
[Black "Asbury, Victor"]
[Result "0-1"]
[WhiteElo "1386"]
[BlackElo "1557"]
[PlyCount "74"]
[EventDate "2002.08.30"]

1. c4 c5 2. Nc3 Nc6 3. g3 g6 4. Bg2 Bg7 5. e3 e5 6. Nge2 Nf6 7. O-O O-O 8. Rb1
d6 9. a3 a5 10. b3 Bf5 11. e4 Bg4 12. h3 Be6 13. d3 Qd7 14. Kh2 Nd4 15. Nd5
Rab8 16. Nxd4 cxd4 17. Bg5 Ne8 18. Be7 Bxd5 19. Bxf8 Bxf8 20. cxd5 Nc7 21. Qd2
b6 22. a4 Na6 23. f4 Bh6 24. Rf2 Nb4 25. Rbf1 Rc8 26. Rf3 Rc3 27. Qd1 Nc2 28.
Qb1 Qc8 29. Rc1 Nb4 30. Rcf1 Nc2 31. Rc1 Nb4 32. Rxc3 dxc3 33. Rf2 c2 34. Qc1
Qc5 35. Kg1 exf4 36. Kf1 Qxf2+ 37. Kxf2 fxg3+ 0-1

[Event "Michigan Open Reserve"]
[Site "Lansing, MI"]
[Date "2002.09.02"]
[Round "7.10"]
[White "Hershberger, Kent"]
[Black "Beshore, Brad"]
[Result "1-0"]
[WhiteElo "1474"]
[BlackElo "1748"]
[PlyCount "37"]
[EventDate "2002.08.30"]

1. e4 g6 2. d4 Bg7 3. Nf3 c6 4. Be2 d5 5. e5 Bg4 6. O-O f6 7. Nbd2 fxe5 8. Nxe5
Bxe2 9. Qxe2 Nf6 10. Re1 O-O 11. Nef3 Na6 12. Qe6+ Kh8 13. Ng5 Nb4 14. Nf7+
Rxf7 15. Qxf7 Qb6 16. Rxe7 Rg8 17. Nb3 Nxc2 18. Bg5 Nh5 19. Re8 1-0

[Event "Michigan Open Booster"]
[Site "Lansing, MI"]
[Date "2002.09.02"]
[Round "7.13"]
[White "Heldt, Ray"]
[Black "Carter, Ashley"]
[Result "1-0"]
[WhiteElo "100"]
[BlackElo "886"]
[PlyCount "77"]
[EventDate "2002.08.30"]

1. e4 c5 2. d4 cxd4 3. c3 dxc3 4. Nxc3 Nc6 5. Nf3 d6 6. Bc4 h6 7. O-O e5 8. Be3
Nf6 9. b4 Nxb4 10. Nxe5 dxe5 11. Bxf7+ Kxf7 12. Qxd8 Kg6 13. a3 Nc6 14. Qd2 Kh7
15. Rad1 Be7 16. Nd5 Nxe4 17. Qd3 Bf5 18. Nxe7 Nxe7 19. Qe2 Nc3 20. Qe1 Nxd1
21. Qxd1 Rhd8 22. Qf3 Bg6 23. Qxb7 Nd5 24. h3 Be4 25. Bxa7 Ne3 26. Qxe4+ Kg8
27. Qxe3 Re8 28. Re1 e4 29. f3 Kf8 30. Bc5+ Kf7 31. fxe4 g5 32. Rf1+ Kg6 33. g4
Rac8 34. Qb3 Rc7 35. Bd6 Rd7 36. Qb5 Rdd8 37. Bc7 Rc8 38. Qf5+ Kg7 39. Be5+ 1-0

[Event "Michigan Open Reserve"]
[Site "Lansing, MI"]
[Date "2002.09.02"]
[Round "7.19"]
[White "Hazzard, Bill"]
[Black "Hodge, Larry"]
[Result "1-0"]
[WhiteElo "1573"]
[BlackElo "1339"]
[PlyCount "109"]
[EventDate "2002.08.30"]

1. d4 d5 2. c4 e6 3. Nf3 Nf6 4. Nc3 Bb4 5. Bd2 Nbd7 6. e3 O-O 7. Bd3 dxc4 8.
Bxc4 a6 9. O-O b5 10. Be2 c6 11. Re1 Re8 12. Qc2 Bb7 13. Rad1 Qc7 14. e4 Bxc3
15. Bxc3 Rac8 16. e5 Nd5 17. Ng5 Nf8 18. Bd3 g6 19. Qd2 h6 20. Ne4 Kg7 21. Nd6
Re7 22. Nxc8 Qxc8 23. Bb4 Nxb4 24. Qxb4 Rd7 25. Be4 f5 26. exf6+ Kxf6 27. Qc5
Kg7 28. Qe5+ Kh7 29. h4 h5 30. Qxh5+ Kg8 31. Qg5 Rg7 32. Rc1 Qe8 33. Qc5 Qd7
34. Bxc6 Bxc6 35. Qxc6 Qxd4 36. Qxa6 Rf7 37. Re2 Qxh4 38. Rc3 Rh7 39. Rh3 Qc4
40. Re1 Rxh3 41. gxh3 Qd5 42. Qa7 Qg5+ 43. Kf1 Qh4 44. Qe3 Qc4+ 45. Qe2 Qd5 46.
f3 Qh5 47. Qg2 Qf5 48. Re4 Qd5 49. Qe2 Qf5 50. Kg2 Qg5+ 51. Rg4 Qd5 52. h4 Nh7
53. Qe4 Qxe4 54. Rxe4 Kf7 55. Rb4 1-0

[Event "Michigan Open"]
[Site "Lansing, MI"]
[Date "2002.09.02"]
[Round "6.8"]
[White "Hankinson, Chris"]
[Black "Katsuhara, Osamu"]
[Result "1-0"]
[WhiteElo "2115"]
[BlackElo "1790"]
[Annotator "Osamu Katsuhara"]
[PlyCount "91"]
[EventDate "2002.08.30"]

{Benko} 1. g3 g6 2. Bg2 Bg7 3. d3 d5 4. f4 e6 5. Nf3 Ne7 6. O-O O-O 7. c3 c5 8.
Qe1 Nbc6 {Strange system by White, Black is already slightly better.} 9. Na3 d4
$5 {A multi-purpose move. It discourages e4, and prevents Be3, and makes it
hard for White to move his pieces. There are some drawbacks, as it shuts off
a1-h8 diagonal for my bishop. After this move, it is much harder for me to
play on queen-side. I am not really sure if this is a good move.} 10. Bd2 Rb8
11. c4 b6 12. h3 h6 13. g4 f5 14. Qh4 Bb7 15. Rae1 Qd7 16. Nc2 Rbd8 17. b4 cxb4
18. Nxb4 Rfe8 19. a3 Ba8 20. Rc1 Qd6 21. c5 bxc5 22. Na6 Nd5 23. g5 h5 24. Nxc5
e5 $1 25. fxe5 Bxe5 ({Not the right piece to capture e5. I was afraid after} 
25... Nxe5 26. Nxd4 Nxd3 27. Nxf5) ({but I had 26...Ng4!. I totally missed
this during the game.} 25... Nxe5 26. Nxd4 Ng4 $1 27. Nf3 Bd4+ 28. Kh1 Bxc5 29.
hxg4 $19) 26. Nxe5 Rxe5 27. Bf3 Ne3 28. Bxe3 Rxe3 29. Nb3 Ne7 30. Nxd4 Bxf3 31.
Rxf3 Rxf3 32. Nxf3 Qxa3 $2 (32... Nd5 33. Qd4 Qg3+ 34. Kh1 $11) 33. Qc4+ $1 Kf8
$6 (33... Nd5 $14) 34. Ne5 Rd5 {Only move.} 35. Nxg6+ $1 {I didn't think that
this would work, but it does.} Nxg6 36. Qc8+ Kf7 37. Rc7+ Ne7 38. Qh8 $6 (38.
g6+ $1 Kf6 (38... Kxg6 39. Qe6+ Kg5 40. Rxe7 $14) 39. Qf8+ $18) 38... Qd6 39.
Qxh5+ $6 {At this point, I had only a few minutes left on my clock, and made
series of bad moves.} (39. Qh7+ Kf8 40. Qh8+ Kf7 $11) 39... Ke6 $2 (39... Kf8
$11) (39... Kg7 $15 {for example} 40. Qh6+ Qxh6 41. gxh6+ ({Of course not} 41.
Rxe7+ $2 Kf8 42. gxh6 Kxe7) 41... Kf7 42. h7 Rd8 $15) 40. Qh6+ Ke5 $2 ({
Critical mistake on the last move of the time control. Now, there is no way to
save this game. There are some drawing chances after} 40... Kf7 {for example}
41. g6+ Qxg6+ 42. Qxg6+ Kxg6 43. Rxe7 $14) 41. Qg7+ Kf4 42. Qxe7 Qb6+ 43. Kg2
Re5 44. Rc4+ Re4 45. Rxe4+ fxe4 46. Qf6+ 1-0

[Event "Michigan Open"]
[Site "Lansing, MI"]
[Date "2002.09.02"]
[Round "7.3"]
[White "Hamood, Al"]
[Black "Whitten, Jason"]
[Result "0-1"]
[WhiteElo "2033"]
[BlackElo "2169"]
[Annotator "Don Vandivier"]
[PlyCount "106"]
[EventDate "2002.08.30"]

{Spanish: Breyer (Borisenko)} 1. e4 e5 2. Nf3 Nc6 3. Bb5 a6 4. Ba4 Nf6 5. O-O
Be7 6. Re1 b5 7. Bb3 d6 8. c3 O-O 9. h3 Nb8 {An unusual line but worthy of
consideration. Fritz's Opening Library gives the move a "!?"} 10. d4 Nbd7 11.
Nbd2 Bb7 12. Bc2 Re8 13. Nf1 Bf8 14. Ng3 g6 15. Bg5 h6 16. Bd2 c6 ({The "book
moves" are either} 16... exd4 {or}) (16... Bg7 {It will be interesting to see
how White responds to Black's innovation.}) 17. Qc1 Kh7 18. a4 Nb6 19. axb5
axb5 20. Rxa8 Bxa8 21. b3 Nbd7 22. Bd3 Qc7 23. c4 $6 (23. Qc2 {and White
maintains his advantage. The text move gives Black the initiative.}) 23... exd4
24. Nxd4 Nc5 25. Bb1 bxc4 26. bxc4 Bg7 27. Bc3 Bb7 28. Nf3 Ncd7 29. Qb2 Ne5 30.
Nxe5 dxe5 31. f4 Nd7 32. f5 Ra8 33. Bc2 Bc8 34. Ra1 Rb8 35. Qa3 Bf8 36. Qa5
Bc5+ 37. Kh1 Qxa5 38. Rxa5 Bb4 39. Bxb4 Rxb4 40. Ra8 Bb7 {(DIAGRAM!)} 41. Rd8
$2 ({White has managed to hang in there, but now makes a very serious blunder.
He should have played} 41. Re8 $1 {threatening Re7 when Black has a difficult
position, for example:} Rxc4 $2 42. Re7 $1 Rxc2 43. Rxf7+ Kg8 44. Rxd7 {and
wins.}) 41... Nc5 42. fxg6+ fxg6 43. Re8 {It's too late now. White dropped a
pawn, lost a move and allowed Black to consolidate. The game is over at this
point.} Rxc4 44. Bb3 Rc3 45. Bg8+ Kg7 46. Kh2 Ba6 47. h4 h5 48. Ba2 Nd3 49.
Re7+ Kf8 50. Rf7+ Ke8 51. Rg7 Nf4 52. Rg8+ Ke7 53. Ra8 Bd3 0-1

[Event "Michigan Open Reserve"]
[Site "Lansing, MI"]
[Date "2002.09.02"]
[Round "7.23"]
[White "Guilfoyle, Jeff"]
[Black "Bailey, Dennis"]
[Result "1-0"]
[WhiteElo "1353"]
[BlackElo "1488"]
[PlyCount "51"]
[EventDate "2002.08.30"]

1. d4 Nf6 2. c4 g6 3. Nc3 Bg7 4. e4 d6 5. Be3 O-O 6. h3 Na6 7. Nf3 c5 8. d5 Nc7
9. Qd2 Re8 10. Bd3 a6 11. O-O Nh5 12. Bh6 Bh8 13. g4 Ng7 14. Nh4 e5 15. Ng2 Bd7
16. f4 exf4 17. Qxf4 Rf8 18. Qxd6 b5 19. Qxc5 bxc4 20. Bxc4 Rc8 21. Qe3 f6 22.
d6+ Nce6 23. Bb3 Rf7 24. e5 Ne8 25. exf6 Bxf6 26. Bxe6 1-0

[Event "Michigan Open Reserve"]
[Site "Lansing, MI"]
[Date "2002.09.02"]
[Round "7.12"]
[White "Grzegorczyk, Ron"]
[Black "Fick II, Douglas"]
[Result "1-0"]
[WhiteElo "1578"]
[BlackElo "1458"]
[PlyCount "77"]
[EventDate "2002.08.30"]

1. e4 c5 2. Nf3 d6 3. d4 cxd4 4. Nxd4 Nf6 5. Nc3 g6 6. Be2 Bg7 7. O-O O-O 8.
Be3 Nc6 9. f4 Bd7 10. a3 Rc8 11. Bf3 a6 12. Rb1 Qc7 13. Nd5 Nxd5 14. exd5 Nxd4
15. Bxd4 Bxd4+ 16. Qxd4 Qxc2 17. Qe3 Qc5 18. Rfe1 Qxe3+ 19. Rxe3 Rfe8 20. Rbe1
Kf8 21. g4 Rc2 22. b4 Bb5 23. f5 Rc4 24. f6 e6 25. dxe6 fxe6 26. Bxb7 Kf7 27.
g5 Rh8 28. Bxa6 Bxa6 29. Rxe6 Rc7 30. Re7+ Rxe7 31. Rxe7+ Kf8 32. Ra7 Bc8 33.
Rc7 Bf5 34. b5 Ke8 35. b6 Kd8 36. Rg7 Be4 37. b7 Bxb7 38. Rxb7 Kc8 39. Re7 1-0

[Event "Michigan Open Reserve"]
[Site "Lansing, MI"]
[Date "2002.09.02"]
[Round "6.16"]
[White "Griffin, John"]
[Black "McCarter, Robert"]
[Result "1/2-1/2"]
[WhiteElo "1500"]
[BlackElo "1667"]
[PlyCount "118"]
[EventDate "2002.08.30"]

1. d4 d5 2. c4 e6 3. Nf3 Be7 4. Nc3 Nf6 5. e3 O-O 6. Be2 b6 7. a3 a5 8. O-O
dxc4 9. Bxc4 Ba6 10. Qe2 Bxc4 11. Qxc4 c5 12. Qe2 Nbd7 13. Rd1 Qb8 14. b3 Qb7
15. Bb2 Rfd8 16. Rac1 Rac8 17. Ne1 Nf8 18. dxc5 Bxc5 19. Rxd8 Rxd8 20. Rd1 Rxd1
21. Qxd1 Qe7 22. Nb5 Qd7 23. Qxd7 N8xd7 24. Nd3 Be7 25. f3 Kf8 26. Ne5 Nxe5 27.
Bxe5 Nd7 28. Bc3 Bc5 29. Kf2 e5 30. Ke2 f6 31. b4 axb4 32. Bxb4 Bxb4 33. axb4
Ke7 34. Kd3 Ke6 35. Kc4 h5 36. Nc7+ Ke7 37. Kb5 g5 38. h3 f5 39. Nd5+ Kd6 40.
Nxb6 Nb8 41. Nc4+ Kd5 42. Nd2 h4 43. Kb6 Nc6 44. b5 Ne7 45. Kc7 Kc5 46. Kd7 Nd5
47. e4 fxe4 48. Nxe4+ Kxb5 49. Ke6 Nf4+ {Actual move appears to by 50. Nxg5
first (both scoresheets). Will transpose to correct position.} 50. Kxe5 Nxg2
51. Nxg5 Kc6 52. f4 Kd7 53. f5 Ke8 54. f6 Kf8 55. Ke4 Kg8 56. Ne6 Kf7 57. Kf5
Ne3+ 58. Ke5 Nc4+ 59. Kf5 Ne3+ 1/2-1/2

[Event "Michigan Open Reserve"]
[Site "Lansing, MI"]
[Date "2002.09.02"]
[Round "6.5"]
[White "Gregory, Kevin"]
[Black "Goetz, Robert"]
[Result "1/2-1/2"]
[WhiteElo "1770"]
[BlackElo "1614"]
[PlyCount "54"]
[EventDate "2002.08.30"]

1. d4 Nf6 2. Nf3 b6 3. Bf4 Ba6 4. Nbd2 e6 5. e4 Bxf1 6. Rxf1 c5 7. Bg5 Be7 8.
Qe2 O-O 9. O-O-O Nc6 10. c3 Rc8 11. Kb1 Re8 12. Bxf6 Bxf6 13. e5 Be7 14. Rfe1
cxd4 15. Nxd4 Nxd4 16. cxd4 d5 17. Rc1 Qd7 18. Nf3 Qa4 19. Qd3 b5 20. Rc2 Qxc2+
21. Qxc2 Rxc2 22. Kxc2 Rc8+ 23. Kb1 Bb4 24. Rc1 Rxc1+ 25. Kxc1 Kf8 26. Kc2 f6
27. Kb3 a5 1/2-1/2

[Event "Michigan Open Booster"]
[Site "Lansing, MI"]
[Date "2002.09.02"]
[Round "7.8"]
[White "Gregg, Ted"]
[Black "Hattrem, John"]
[Result "1-0"]
[WhiteElo "1230"]
[BlackElo "100"]
[PlyCount "97"]
[EventDate "2002.08.30"]

1. f4 d5 2. Nf3 e6 3. e3 c5 4. Be2 Nf6 5. O-O g6 6. b3 Bg7 7. Bb2 O-O 8. Ne5
Nc6 9. Nxc6 bxc6 10. d3 Ba6 11. Nd2 Qa5 12. c4 Rfd8 13. Be5 Rd7 14. Qe1 Qd8 15.
Bf3 Bb7 16. Rd1 a5 17. e4 a4 18. exd5 cxd5 19. Qf2 Bf8 20. g4 d4 21. Bxb7 Rxb7
22. Bxf6 Qxf6 23. Ne4 Qd8 24. g5 Be7 25. Qh4 axb3 26. axb3 Rxb3 27. Rf3 Ra2 28.
Qh6 Bf8 29. Qh4 h5 30. Rh3 Be7 31. Nf6+ Bxf6 32. gxf6 Qa8 33. Rg3 Ra1 34. Qxh5
Rxd1+ 35. Qxd1 Qb8 36. Qf3 Rb1+ 37. Kg2 Qb7 38. h4 Rb2+ 39. Kh3 Qxf3 40. Rxf3
Rb3 41. Rg3 Kf8 42. Kg4 Kg8 43. h5 Kh7 44. Kg5 gxh5 45. Kxh5 Rb1 46. Rg7+ Kh8
47. Rxf7 Rh1+ 48. Kg5 Rh7 49. Rf8# 1-0

[Event "Michigan Open Reserve"]
[Site "Lansing, MI"]
[Date "2002.09.02"]
[Round "7.9"]
[White "Goetz, Robert"]
[Black "Monge, Jeff"]
[Result "1/2-1/2"]
[WhiteElo "1614"]
[BlackElo "1575"]
[PlyCount "45"]
[EventDate "2002.08.30"]

1. e4 e6 2. d4 d5 3. Nc3 Nf6 4. Bg5 Be7 5. Nf3 dxe4 6. Bxf6 exf3 7. Bxe7 fxg2
8. Bxg2 Qxe7 9. O-O O-O 10. Qh5 Nd7 11. Qa5 Nf6 12. Rfe1 c6 13. Qg5 Qb4 14. Ne4
Qxd4 15. Rad1 Qxb2 16. Rd3 b6 17. Rg3 Nxe4 18. Bxe4 g6 19. c3 Bd7 20. Qh6 e5
21. Bxg6 fxg6 22. Rxg6+ hxg6 23. Qxg6+ 1/2-1/2

[Event "Michigan Open Reserve"]
[Site "Lansing, MI"]
[Date "2002.09.02"]
[Round "7.13"]
[White "Gattinger, John"]
[Black "Matias, I.C."]
[Result "1-0"]
[WhiteElo "1488"]
[BlackElo "1748"]
[PlyCount "141"]
[EventDate "2002.08.30"]

1. d4 Nf6 2. c4 e6 3. Nc3 d5 4. Bg5 c6 5. e3 Nbd7 6. Bd3 dxc4 7. Bxc4 b5 8. Bd3
Bb7 9. Nf3 Be7 10. Bxf6 Nxf6 11. Rc1 O-O 12. a3 a6 13. Ne4 Nxe4 14. Bxe4 Qb6
15. Ne5 c5 16. dxc5 Bxc5 17. Bxb7 Qxb7 18. Rxc5 Qxg2 19. Qf3 Qxf3 20. Nxf3 b4
21. Ke2 bxa3 22. bxa3 Rab8 23. Rhc1 g6 24. Ra5 Rb2+ 25. Kf1 Rd8 26. Rxa6 e5 27.
Rac6 Kg7 28. R1c2 Rb1+ 29. Rc1 Rb2 30. R6c2 Rb3 31. Ra1 f6 32. a4 g5 33. h3 h5
34. Ke2 g4 35. hxg4 hxg4 36. Nd2 Rbd3 37. a5 f5 38. a6 f4 39. a7 f3+ 40. Nxf3
gxf3+ 41. Kxf3 Rf8+ 42. Ke4 Rdd8 43. a8=Q Rxa8 44. Rxa8 Rxa8 45. Kxe5 Re8+ 46.
Kf4 Rf8+ 47. Kg3 Kf6 48. f4 Kf5 49. Kf3 Rh8 50. Rc5+ Kf6 51. Kg4 Rg8+ 52. Rg5
Re8 53. Kf3 Ra8 54. e4 Ra3+ 55. Kg4 Ra1 56. e5+ Ke6 57. Rg6+ Kf7 58. Kf5 Ra5
59. Rb6 Ra7 60. Rf6+ Ke7 61. Kg6 Ra1 62. Kf5 Ra5 63. Rb6 Ra7 64. Rh6 Ra5 65.
Rh7+ Kf8 66. Kf6 Ra6+ 67. e6 Kg8 68. Rd7 Ra4 69. f5 Ra8 70. Ke7 Rf8 71. Rd8 1-0

[Event "Michigan Open"]
[Site "Lansing, MI"]
[Date "2002.09.02"]
[Round "6.11"]
[White "Garrison, Ray"]
[Black "Nichols, Tony"]
[Result "0-1"]
[WhiteElo "1882"]
[BlackElo "1801"]
[PlyCount "126"]
[EventDate "2002.08.30"]

1. b3 e5 2. Bb2 Nc6 3. e3 Nf6 4. Nf3 d6 5. d4 e4 6. Nfd2 Bg4 7. Be2 Bxe2 8.
Qxe2 d5 9. c4 Nb4 10. Kd1 Nd3 11. Kc2 c6 12. f3 Qa5 13. Bc3 Bb4 14. fxe4 Bxc3
15. Nxc3 dxe4 16. Ncxe4 Nb4+ 17. Kb2 Nxe4 18. Nxe4 O-O-O 19. a3 Na6 20. Rhf1 f5
21. Ng5 Rhe8 22. b4 Qb6 23. Qf3 g6 24. Kc2 Qc7 25. Rad1 Qe7 26. h4 h6 27. Nh3
Qxh4 28. Nf4 g5 29. Nd3 Qe4 30. Qxe4 Rxe4 31. Rxf5 Rxe3 32. Kc3 Nc7 33. Re1
Rxe1 34. Nxe1 Re8 35. Nd3 Ne6 36. Rf6 Nf4 37. Ne5 Nxg2 38. Rxh6 Nh4 39. Kd2 Nf5
40. Rg6 Nxd4 41. Nf7 Nf3+ 42. Kc3 Re3+ 43. Kb2 Ne5 44. Rg8+ Kd7 45. Nxg5 Nxc4+
46. Kc1 Re1+ 47. Kc2 Nxa3+ 48. Kd2 Re7 49. Nf3 Nc4+ 50. Kc1 Ne5 51. Ne1 Kc7 52.
Kc2 Kb6 53. Rg5 Nc4 54. Nd3 Ne3+ 55. Kb3 Nd5 56. Ne5 Kc7 57. Rg4 b6 58. Nd3 Kb7
59. Rd4 Ka6 60. Rh4 Kb5 61. Rh5 Re3 62. Kc2 Ka4 63. Kd2 Rxd3+ 0-1

[Event "Michigan Open"]
[Site "Lansing, MI"]
[Date "2002.09.02"]
[Round "6.7"]
[White "Gabbara, Faris"]
[Black "O'Donnell, Robert"]
[Result "1/2-1/2"]
[WhiteElo "2040"]
[BlackElo "2165"]
[PlyCount "129"]
[EventDate "2002.08.30"]

1. d4 Nf6 2. Nf3 e6 3. c4 b6 4. a3 Ba6 5. e3 d5 6. Ne5 dxc4 7. Nc3 c6 8. Bxc4
Bxc4 9. Nxc4 Nbd7 10. O-O b5 11. Ne5 Nxe5 12. dxe5 Qxd1 13. Rxd1 Nd7 14. f4
O-O-O 15. Ne4 Be7 16. b4 Nb6 17. Bb2 Rxd1+ 18. Rxd1 Rd8 19. Rxd8+ Kxd8 20. Nd2
Nd5 21. Bd4 a5 22. e4 Nxf4 23. Bb6+ Kc8 24. Bxa5 Nd3 25. Nf3 Kb7 26. Kf1 h6 27.
h3 Nb2 28. Nd2 Bg5 29. Nb3 Nc4 30. a4 Nxa5 31. bxa5 bxa4 32. Nc5+ Ka7 33. Nxa4
Ka6 34. Nc5+ Kxa5 35. Nb7+ Kb4 36. Nd6 c5 37. Ke2 f6 38. Kd3 Bf4 39. exf6 gxf6
40. Nc4 Kb5 41. g4 Bg3 42. Nd2 Bf2 43. Nc4 Kb4 44. Nd6 Bg3 45. Nc4 Kb3 46. Na5+
Kb4 47. Nc4 Kb5 48. Nd2 Be1 49. Nc4 Kc6 50. Nb2 Kd6 51. Nc4+ Ke7 52. Nb6 Bf2
53. Ke2 Bg1 54. Kd3 Bd4 55. Nc4 Kf7 56. Nd2 Bf2 57. Nf3 Kg6 58. Ke2 Bg3 59. Kd3
f5 60. gxf5+ exf5 61. e5 Kf7 62. Kc4 Ke6 63. Kxc5 Bxe5 64. Kc4 Bf4 65. Kd3
1/2-1/2

[Event "Michigan Open Reserve"]
[Site "Lansing, MI"]
[Date "2002.09.02"]
[Round "7.26"]
[White "Forshee, Dan"]
[Black "LaFerriere, Adam"]
[Result "1-0"]
[WhiteElo "1370"]
[BlackElo "1354"]
[PlyCount "71"]
[EventDate "2002.08.30"]

1. Nf3 Nf6 2. c4 d5 3. d4 Bg4 4. e3 e6 5. Nc3 Bb4 6. a3 Bxc3+ 7. bxc3 dxc4 8.
Bxc4 Nd5 9. Qc2 Bxf3 10. gxf3 Qd6 11. Ke2 Nc6 12. Bxd5 exd5 13. e4 Qe6 14. Rg1
dxe4 15. Qxe4 Qxe4+ 16. fxe4 g6 17. Bg5 O-O 18. Bf6 Rfe8 19. f3 a6 20. h4 Re6
21. Bg5 Na5 22. e5 Rae8 23. Bf6 Rxf6 24. h5 Rb6 25. hxg6 Rxg6 26. Rh1 f6 27. f4
Rg2+ 28. Kf3 Rc2 29. Rag1+ Kh8 30. exf6 Rxc3+ 31. Kg4 Rc6 32. Kf5 Rf8 33. Rh6
Nc4 34. Rg7 Nd6+ 35. Kg4 Rxf6 36. Rhxh7# 1-0

[Event "Michigan Open"]
[Site "Lansing, MI"]
[Date "2002.09.02"]
[Round "2.41"]
[White "Florean, Andrei"]
[Black "Katsuhara, Osamu"]
[Result "1-0"]
[WhiteElo "2430"]
[BlackElo "1790"]
[PlyCount "85"]
[EventDate "2002.08.30"]

1. e4 c5 2. b3 Nc6 3. Bb2 d6 4. Nf3 Nf6 5. Nc3 e6 6. Bb5 Qc7 7. O-O a6 8. Bxc6+
Qxc6 9. Re1 Be7 10. d4 cxd4 11. Qxd4 e5 12. Qd3 O-O 13. a4 Be6 14. Rad1 Rac8
15. Rd2 Rfd8 16. Nd5 Bxd5 17. exd5 Qd7 18. Qe2 Bf8 19. h3 g6 20. c4 Nh5 21. Rc2
Nf4 22. Qd1 f6 23. Bc1 g5 24. Bxf4 gxf4 25. Nh4 f5 26. Qh5 Kh8 27. Qxf5 Qg7 28.
Qg4 Qf6 29. Nf3 Be7 30. Nd2 Rg8 31. Qf3 Rg6 32. Ne4 Qg7 33. Kh1 Rg8 34. Rg1 Rh6
35. Rcc1 Qg6 36. Kh2 Qf5 37. b4 Rh4 38. c5 dxc5 39. bxc5 Rc8 40. d6 Bd8 41. Rb1
Qd7 42. Rb3 Qxa4 43. Rxb7 1-0